000
002960000a22001090004500
100
1
_a
Zelaya, Hugo M.
245
1
0
_a
Prosperidad material y espiritual
300
_a
Vol.7, núm.7 ( 2006), Páginas 98-101
500
_a
Director de Conquista Cristiana
773
0
_t
Conquista Cristiana
942
_c
ANA
999
_c
61592
_d
61592